| 000 | 01130cam a2200325 a 4500 | ||
|---|---|---|---|
| 001 | 22977 | ||
| 003 | BD-RjUL | ||
| 005 | 20211209000858.0 | ||
| 008 | 140309s2012 bg a 000 0 eng d | ||
| 020 | _a9789843305466 | ||
| 020 | _a9843305469 | ||
| 035 | _a(BD-RjUL)23042 | ||
| 035 | _a(OCoLC)798903668 | ||
| 040 |
_aDKAGE _beng _cDKAGE _dOCLCO _dDLC _dBD-RjUL |
||
| 041 | _aeng | ||
| 082 | 0 | 4 |
_a954.9205 _223 _bDUH 2012 |
| 100 | 1 |
_aDulal, Md. Abdur Rob, _d1967- _970861 |
|
| 245 | 1 | 0 |
_aHeritage & panoramic beauty of Bangladesh / _c[chief editor & photographer] Md. Abdur Rob Dulal ; [editor, Saydur Rahman Swapon ... [et al.]]. |
| 246 | 3 | _aHeritage and panoramic beauty of Bangladesh | |
| 260 |
_aDhaka : _bPranto Prokashon, _c2012. |
||
| 300 |
_a172 p. : _bchiefly col. ill. ; _c29 cm. |
||
| 500 | _aCover title. | ||
| 650 | 0 |
_aHistoric sites _zBangladesh _vPictorial works. _970862 |
|
| 650 | 0 |
_aMonuments _zBangladesh _vPictorial works. _970863 |
|
| 651 | 0 |
_aBangladesh _vPictorial works. _970864 |
|
| 700 | 1 |
_aSwapon, Saydur Rahman. _970865 |
|
| 942 |
_2ddc _cBK |
||
| 999 |
_c22977 _d22977 |
||